Úloha vysokoškolského športového klubu VŠK Ekonóm pri Ekonomickej univerzite v Bratislave

Na minha lista:
Detalhes bibliográficos
Autor principal: Podgórska, Lenka, 1958-
Formato: Capítulo de Livro
Idioma:eslovaco
Assuntos:
Tags: Adicionar Tag
Sem tags, seja o primeiro a adicionar uma tag!

MARC

LEADER 00000naa a2200000 4500
001 0306573
005 20251028111757.2
041 0 |a slo 
044 |a SK 
245 1 0 |a Úloha vysokoškolského športového klubu VŠK Ekonóm pri Ekonomickej univerzite v Bratislave  |c Lenka Podgórska 
500 |a Abstrakt 
610 2 0 |a školy vysoké 
610 2 0 |a univerzity 
610 2 0 |a šport 
610 2 0 |a študenti 
610 2 0 |a štýl životný 
610 2 0 |a zdravie 
610 2 0 |a Slovensko 
100 1 |a Podgórska, Lenka, 1958-